[Event "Czech Open GM 2019"]
[Site "Pardubice"]
[Date "2019.07.27"]
[Round "9.41"]
[White "Rubes, Jan"]
[Black "Gazik, Igor"]
[Result "1-0"]
[WhiteElo "2369"]
[BlackElo "2258"]
[Annotator "NA"]
[PlyCount "73"]
[EventDate "2019.07.19"]
[EventType "swiss"]
[EventCountry "CZE"]
[SourceTitle "playchess.com"]
[Source "ChessBase"]
[SourceQuality "1"]

1. e4 c5 2. Nf3 d6 3. d4 cxd4 4. Nxd4 Nf6 5. Nc3 g6 6. Be3 Bg7 7. f3 Nc6 8. Qd2 O-O 9. Bc4 Bd7 10. h4 h5 11. O-O-O Ne5 12. Bb3 Rb8 13. g4 b5 14. g5 Ne8 15. f4 Nc4 16. Bxc4 bxc4 17. f5 Qa5 18. Nd5 Qxa2 19. Nxe7+ Kh7 20. Qc3 Be5 21. Rhf1 Nc7 22. Kd2 Nb5 23. Nxb5 Bxc3+ 24. Nxc3 Qa5 25. Ned5 f6 26. Ra1 Qd8 27. Rxa7 Ra8 28. fxg6+ Kxg6 29. Nf4+ Kf7 30. g6+ Kg8 31. Rxa8 Qxa8 32. Nxh5 Qa5 33. Nxf6+ Rxf6 34. Rxf6 Qe5 35. Nd5 Qxe4 36. Rf8+ Kg7 37. Rg8+ 1-0

[Event "Czech Open GM 2019"]
[Site "Pardubice"]
[Date "2019.07.27"]
[Round "9.41"]
[White "Kusa, Jakub"]
[Black "Ter-Saakian, Grigorii"]
[Result "1/2-1/2"]
[WhiteElo "2199"]
[BlackElo "2338"]
[Annotator "NA"]
[PlyCount "104"]
[EventDate "2019.07.19"]
[EventType "swiss"]
[EventCountry "CZE"]
[SourceTitle "playchess.com"]
[Source "ChessBase"]
[SourceQuality "1"]

1. e4 d5 2. exd5 Qxd5 3. Nc3 Qd6 4. d4 Nf6 5. Nf3 c6 6. h3 g6 7. Bd3 Bg7 8. O-O O-O 9. Re1 Be6 10. Bg5 Nbd7 11. Qd2 Qb4 12. a3 Qa5 13. b4 Qc7 14. Na4 b5 15. Bf4 Qb7 16. Nc5 Nxc5 17. bxc5 Bd5 18. Ne5 Nd7 19. c3 e6 20. Ng4 Nf6 21. Nxf6+ Bxf6 22. Be4 Rfe8 23. Bxd5 exd5 24. Bg5 Bg7 25. Bh6 Bh8 26. Qf4 Qd7 27. Kf1 Re6 28. Rxe6 fxe6 29. Re1 Re8 30. Qg3 Bf6 31. Bg5 Bxg5 32. Qxg5 Qe7 33. Qe5 a5 34. Re3 Qd7 35. h4 h5 36. Rf3 Kh7 37. Rf6 Qg7 38. Rxe6 Rxe6 39. Qxe6 Qb7 40. Kg1 Qc7 41. Qd6 Qb7 42. g3 a4 43. f4 Qc8 44. Qe7+ Kg8 45. Qe2 Qf5 46. Kh2 Kf7 47. Kg2 Qb1 48. Qe5 Qc2+ 49. Kh3 Qf5+ 50. Qxf5+ gxf5 51. Kg2 Ke7 52. Kf3 Kf7 1/2-1/2

[Event "Czech Open GM 2019"]
[Site "Pardubice"]
[Date "2019.07.27"]
[Round "9.42"]
[White "Colpe, Malte"]
[Black "Jeet, Jain"]
[Result "1-0"]
[WhiteElo "2367"]
[BlackElo "2258"]
[Annotator "NA"]
[PlyCount "63"]
[EventDate "2019.07.19"]
[EventType "swiss"]
[EventCountry "CZE"]
[SourceTitle "playchess.com"]
[Source "ChessBase"]
[SourceQuality "1"]

1. d4 d5 2. c4 e6 3. Nc3 Be7 4. Qc2 Nf6 5. cxd5 exd5 6. Bg5 g6 7. e3 Bf5 8. Qb3 Nbd7 9. Nf3 O-O 10. Be2 c5 11. O-O b6 12. Ba6 Be6 13. Bf4 cxd4 14. exd4 Ne4 15. Nxd5 Bd6 16. Bc4 b5 17. Qxb5 Rc8 18. Bb3 Rb8 19. Qa6 Bxf4 20. Nxf4 Bxb3 21. axb3 Rxb3 22. Ne6 Qb8 23. Nxf8 Nxf8 24. Qxa7 Qf4 25. Ra3 Rxb2 26. Qe7 Ne6 27. d5 Nc7 28. Re3 f5 29. d6 Rxf2 30. dxc7 Rc2 31. Rxe4 fxe4 32. Qd8+ 1-0

[Event "Czech Open GM 2019"]
[Site "Pardubice"]
[Date "2019.07.27"]
[Round "9.42"]
[White "Thakur, Akash"]
[Black "Ristoja, Samu"]
[Result "0-1"]
[WhiteElo "2311"]
[BlackElo "2190"]
[Annotator "NA"]
[PlyCount "92"]
[EventDate "2019.07.19"]
[EventType "swiss"]
[EventCountry "CZE"]
[SourceTitle "playchess.com"]
[Source "ChessBase"]
[SourceQuality "1"]

1. e4 d5 2. exd5 Qxd5 3. Nc3 Qd8 4. d4 Nf6 5. Bc4 a6 6. Nf3 b5 7. Bb3 c5 8. dxc5 Qxd1+ 9. Kxd1 e6 10. Be3 Bb7 11. a4 b4 12. Na2 a5 13. c3 Bd5 14. Nd4 Bxc5 15. cxb4 axb4 16. Rc1 Nbd7 17. Bxd5 Nxd5 18. b3 O-O 19. Ke2 Rfc8 20. Rhd1 N7f6 21. Nb5 Ne4 22. Bxc5 Nxc5 23. Nd6 Rc7 24. Nb5 Rcc8 25. Nd6 Rc7 26. Nb5 Rcc8 27. Nd4 g6 28. Rc4 Ne4 29. Nc6 Rc7 30. Rxe4 Rxc6 31. Rd2 Rb8 32. Red4 Kg7 33. g3 f5 34. Kd3 Kf6 35. Rc2 Rd6 36. Ke2 Nc3+ 37. Ke3 Nd5+ 38. Kf3 e5 39. Rdc4 e4+ 40. Ke2 Ke5 41. Rc5 Ke6 42. R2c4 Kf6 43. f3 exf3+ 44. Kxf3 Re8 45. Kf2 Ne3 46. Rc8 Ng4+ 0-1

[Event "Czech Open GM 2019"]
[Site "Pardubice"]
[Date "2019.07.27"]
[Round "9.43"]
[White "Skliarov, Viktor"]
[Black "Kutynec, Vladimir"]
[Result "1-0"]
[WhiteElo "2360"]
[BlackElo "2252"]
[Annotator "NA"]
[PlyCount "115"]
[EventDate "2019.07.19"]
[EventType "swiss"]
[EventCountry "CZE"]
[SourceTitle "playchess.com"]
[Source "ChessBase"]
[SourceQuality "1"]

1. e4 c5 2. Nf3 Nc6 3. Bb5 Nf6 4. Bxc6 dxc6 5. d3 Qc7 6. e5 Nd5 7. h3 Bf5 8. Nbd2 e6 9. Nc4 h6 10. O-O Be7 11. a4 O-O 12. Bd2 Rfd8 13. Qc1 Bg6 14. Re1 Rd7 15. a5 Qd8 16. Nh2 b5 17. Ne3 Nb4 18. Re2 c4 19. dxc4 Nxc2 20. Nxc2 Bd3 21. Re1 Bxc2 22. Bxh6 Bd3 23. Bf4 bxc4 24. Nf3 Rb8 25. Bg5 Rb5 26. Bxe7 Qxe7 27. Qc3 Rb3 28. Qc1 Qb4 29. Ra2 Bf5 30. Re3 c5 31. Rc3 Bd3 32. Nd2 Rxc3 33. bxc3 Qb8 34. f4 Rb7 35. Kh2 Rb5 36. Nf3 a6 37. Ng5 Qd8 38. Qe3 Rxa5 39. Rxa5 Qxa5 40. Qf3 Qd8 41. Qb7 Qe8 42. Qxa6 Bf5 43. Qb7 f6 44. exf6 gxf6 45. Nf3 Qd8 46. g4 Bd3 47. Kg3 Qd6 48. g5 e5 49. Qc8+ Kf7 50. Qg4 exf4+ 51. Qxf4 Qxf4+ 52. Kxf4 Kg6 53. h4 Be2 54. Nd2 f5 55. Nf3 Bd3 56. Ne5+ Kh5 57. Nd7 Be2 58. Nf6+ 1-0

[Event "Czech Open GM 2019"]
[Site "Pardubice"]
[Date "2019.07.27"]
[Round "9.43"]
[White "GELLER, Anastasia"]
[Black "Colas, Joshua"]
[Result "1/2-1/2"]
[WhiteElo "2186"]
[BlackElo "2302"]
[Annotator "NA"]
[PlyCount "157"]
[EventDate "2019.07.19"]
[EventType "swiss"]
[EventCountry "CZE"]
[SourceTitle "playchess.com"]
[Source "ChessBase"]
[SourceQuality "1"]

1. c4 e6 2. g3 d5 3. Bg2 Nf6 4. Nf3 g6 5. b3 Bg7 6. Bb2 O-O 7. O-O Nc6 8. d3 Re8 9. Nbd2 e5 10. cxd5 Nxd5 11. Ne1 a5 12. a3 h5 13. e3 Bg4 14. Bf3 e4 15. Bxg7 exf3 16. Bb2 Nxe3 17. Qc1 Nxf1 18. Ndxf3 Bxf3 19. Nxf3 Ne3 20. Qc3 f6 21. fxe3 Rxe3 22. Qc4+ Kg7 23. Rf1 Qe7 24. Qf4 Re2 25. Bxf6+ Qxf6 26. Qxf6+ Kxf6 27. Nd4+ Ke5 28. Nxe2 Nd4 29. Nf4 g5 30. Nxh5 Nxb3 31. g4 c5 32. Rf5+ Kd4 33. Rxg5 b5 34. Nf4 b4 35. a4 Ke3 36. Ne6 Kxd3 37. Nxc5+ Nxc5 38. Rxc5 Rb8 39. Rxa5 b3 40. Rd5+ Kc4 41. Rd1 b2 42. Rb1 Kc3 43. Kg2 Kc2 44. Rxb2+ Rxb2 45. Kf3 Kd3 46. h4 Kd4 47. Kf4 Kd5 48. Kf5 Rf2+ 49. Kg6 Rf4 50. g5 Rxh4 51. Kf6 Kd6 52. g6 Rf4+ 53. Kg5 Rf1 54. g7 Ke7 55. g8=N+ Kf7 56. Nh6+ Ke6 57. Ng4 Rf5+ 58. Kh4 Rf4 59. Kg3 Rxa4 60. Kf3 Kf5 61. Ne3+ Kg5 62. Ng2 Ra3+ 63. Ne3 Rb3 64. Ke4 Rb1 65. Kf3 Kf6 66. Ke4 Ke6 67. Kd4 Rh1 68. Ke4 Rh4+ 69. Kd3 Ke5 70. Nc4+ Kd5 71. Ne3+ Kc5 72. Nf5 Ra4 73. Ne3 Rf4 74. Nc2 Rh4 75. Ne3 Kb4 76. Nd5+ Kb3 77. Ne3 Rh8 78. Kd4 Rd8+ 79. Nd5 1/2-1/2

[Event "Czech Open GM 2019"]
[Site "Pardubice"]
[Date "2019.07.27"]
[Round "9.44"]
[White "Pesotskiy, Mikhail"]
[Black "Medvedyk, Volodymyr"]
[Result "1-0"]
[WhiteElo "2301"]
[BlackElo "2197"]
[Annotator "NA RC"]
[PlyCount "201"]
[EventDate "2019.07.19"]
[EventType "swiss"]
[EventCountry "CZE"]
[SourceTitle "playchess.com"]
[Source "ChessBase"]
[SourceQuality "1"]

1. c4 Nf6 2. Nc3 g6 3. d4 Bg7 4. e4 O-O 5. Be3 d6 6. f3 c6 7. Qd2 e5 8. d5 cxd5 9. cxd5 Nh5 10. g4 Nf4 11. Nge2 f5 12. gxf5 Nxe2 13. Bxe2 gxf5 14. exf5 Bxf5 15. O-O-O Rf7 16. Rhg1 Nd7 17. Bd3 Bxd3 18. Qxd3 Nc5 19. Bxc5 dxc5 20. Kb1 Qf6 21. Rg3 Rd8 22. Ne4 Qf5 23. d6 b6 24. Ka1 Rdd7 25. Qd5 h6 26. Rdg1 Kh8 27. a3 Rd8 28. Qd2 Qf4 29. Qg2 Rdd7 30. Rg6 Qe3 31. Nf6 Qxg1+ 32. Qxg1 Rxf6 33. Rxf6 Bxf6 34. Qd1 Kg7 35. Qd5 Rd8 36. Qe6 Rf8 37. Qd7+ Rf7 38. Qe8 Rf8 39. d7 c4 40. Kb1 b5 41. h4 Bxh4 42. Qxe5+ Bf6 43. Qxb5 Rh8 44. Qxc4 h5 45. Qc7 Kg6 46. Qxa7 h4 47. Qg1+ Kf7 48. Qh2 h3 49. Kc2 Ke6 50. Kd3 Kxd7 51. f4 Ke6 52. Ke4 Rh4 53. Kf3 Kf5 54. b4 Be7 55. Qc2+ Kf6 56. Qb2+ Kf7 57. Qa2+ Kf6 58. Qa1+ Kf7 59. Kg3 h2 60. Qh1 Rh6 61. b5 Bxa3 62. b6 Rg6+ 63. Kf3 Rxb6 64. Qxh2 Be7 65. Qh7+ Kf8 66. Kg4 Rb4 67. Qh6+ Kf7 68. Qh5+ Kf8 69. Qf5+ Kg7 70. Qe5+ Kf7 71. Kh5 Rb6 72. f5 Rf6 73. Qd5+ Kg7 74. Kg4 Rd6 75. Qe5+ Kf7 76. Qh8 Bf6 77. Qh7+ Bg7 78. Qh5+ Ke7 79. Kf3 Rd3+ 80. Ke4 Rd4+ 81. Ke3 Rd6 82. Qh4+ Kf7 83. Qc4+ Ke7 84. Qc7+ Rd7 85. Qc5+ Kf7 86. Qc6 Re7+ 87. Kf4 Bf6 88. Kg4 Re5 89. Kf4 Re7 90. Qg2 Be5+ 91. Kg5 Bf6+ 92. Kh6 Rd7 93. Qa2+ Kf8 94. Qe6 Rf7 95. Kg6 Rg7+ 96. Kxf6 Rg6+ 97. Ke5 Rxe6+ 98. Kxe6 Ke8 99. f6 Kf8 100. f7 Kg7 101. Ke7 1-0

[Event "Czech Open GM 2019"]
[Site "Pardubice"]
[Date "2019.07.27"]
[Round "9.45"]
[White "Berzina, Ilze"]
[Black "Rudolf, Michal"]
[Result "1/2-1/2"]
[WhiteElo "2249"]
[BlackElo "2351"]
[Annotator "NA"]
[PlyCount "74"]
[EventDate "2019.07.19"]
[EventType "swiss"]
[EventCountry "CZE"]
[SourceTitle "playchess.com"]
[Source "ChessBase"]
[SourceQuality "1"]

1. e4 Nf6 2. e5 Nd5 3. d4 d6 4. Nf3 dxe5 5. Nxe5 g6 6. c4 Nb6 7. Be2 Bg7 8. O-O O-O 9. Nc3 Be6 10. Bf3 c6 11. b3 N8d7 12. Nxd7 Qxd7 13. Be3 Rfd8 14. Ne2 Bg4 15. Bxg4 Qxg4 16. Qc2 Nd7 17. Rad1 Nf6 18. h3 Qe4 19. Qc1 Rd7 20. Ng3 Qe6 21. Rfe1 Qd6 22. Bh6 Bxh6 23. Qxh6 Rad8 24. Re3 Kh8 25. Ne4 Nxe4 26. Rxe4 Qf6 27. Qe3 Kg8 28. Re5 e6 29. b4 a6 30. a4 Qe7 31. b5 Qb4 32. bxc6 bxc6 33. Re4 Qxc4 34. a5 Qa4 35. Rc1 Kg7 36. d5 Qxa5 37. dxe6 fxe6 1/2-1/2

[Event "Czech Open GM 2019"]
[Site "Pardubice"]
[Date "2019.07.27"]
[Round "9.47"]
[White "Polgar-Shutzman, Tom"]
[Black "Jasny, Stanislav"]
[Result "0-1"]
[WhiteElo "2241"]
[BlackElo "2345"]
[Annotator "NA"]
[PlyCount "90"]
[EventDate "2019.07.19"]
[EventType "swiss"]
[EventCountry "CZE"]
[SourceTitle "playchess.com"]
[Source "ChessBase"]
[SourceQuality "1"]

1. e4 g6 2. d4 Bg7 3. Nc3 d6 4. f4 a6 5. Nf3 b5 6. Bd3 Nd7 7. a4 b4 8. Ne2 c5 9. c3 Bb7 10. O-O cxd4 11. cxd4 a5 12. Bd2 Nh6 13. Kh1 O-O 14. Qb3 e6 15. Rac1 Nf6 16. Ng5 d5 17. e5 Ne4 18. Nxe4 dxe4 19. Bc4 Nf5 20. Be3 Qh4 21. Bf2 Qd8 22. Rfd1 Rc8 23. d5 Rxc4 24. Qxc4 Bxd5 25. Qc5 e3 26. Bxe3 Qa8 27. Rxd5 Nxe3 28. Qxe3 Qxd5 29. b3 Rd8 30. Kg1 Bf8 31. Kf2 h5 32. Rc7 h4 33. Rc1 Qd2 34. Rc6 Qd5 35. Rc1 Qd3 36. Rc6 Bh6 37. Rc5 Qb1 38. Rc1 Qf5 39. Kg1 Rd3 40. Qa7 Bxf4 41. Qb8+ Kg7 42. Nxf4 Qxf4 43. Qc7 Qd4+ 44. Kf1 Rd2 45. Qc5 Rd1+ 0-1

[Event "Czech Open GM 2019"]
[Site "Pardubice"]
[Date "2019.07.27"]
[Round "9.48"]
[White "Zhuravlev, Stepan"]
[Black "Dobrovoljc, Vid"]
[Result "0-1"]
[WhiteElo "2182"]
[BlackElo "2334"]
[Annotator "TA"]
[PlyCount "56"]
[EventDate "2019.07.19"]
[EventType "swiss"]
[EventCountry "CZE"]
[SourceTitle "playchess.com"]
[Source "ChessBase"]
[SourceQuality "1"]

1. d4 Nf6 2. c4 g6 3. Nc3 Bg7 4. e4 d6 5. Be2 O-O 6. Bg5 c5 7. d5 h6 8. Bf4 e6 9. dxe6 Bxe6 10. Qd2 Qb6 11. Nf3 Nc6 12. Nd5 Bxd5 13. exd5 Ne4 14. Qc2 Qxb2 15. Qxb2 Bxb2 16. Rb1 Bc3+ 17. Kf1 Nd4 18. Nxd4 Bxd4 19. f3 Nc3 20. Rb3 Rfe8 21. Bd3 Nxa2 22. Bxh6 a5 23. Bb1 a4 24. Ra3 Nc3 25. Bd3 Nd1 26. Bc2 Nb2 27. g3 Re7 28. Bg5 f6 0-1

[Event "Czech Open GM 2019"]
[Site "Pardubice"]
[Date "2019.07.27"]
[Round "9.49"]
[White "Budrewicz, Krzysztof"]
[Black "Cerveny, Petr"]
[Result "1/2-1/2"]
[WhiteElo "2188"]
[BlackElo "2333"]
[Annotator "NA"]
[PlyCount "160"]
[EventDate "2019.07.19"]
[EventType "swiss"]
[EventCountry "CZE"]
[SourceTitle "playchess.com"]
[Source "ChessBase"]
[SourceQuality "1"]

1. d4 Nf6 2. c4 c5 3. d5 g6 4. Nc3 d6 5. Nf3 Bg7 6. Bg5 h6 7. Bh4 g5 8. Bg3 Nh5 9. e3 Qa5 10. Qc2 Nd7 11. Be2 a6 12. O-O Nxg3 13. hxg3 O-O 14. Nd2 b5 15. cxb5 axb5 16. Nxb5 Qa4 17. Qb3 Qxb3 18. axb3 Bb7 19. Nc3 Bxc3 20. bxc3 Bxd5 21. Bf3 Bxf3 22. gxf3 Rfb8 23. Rfc1 Kg7 24. Kf1 h5 25. Ke2 Kg6 26. f4 gxf4 27. gxf4 Kh6 28. Rh1 d5 29. Kd3 e6 30. Ke2 Nf6 31. f3 Rg8 32. Kf2 Rxa1 33. Rxa1 h4 34. b4 cxb4 35. cxb4 Kh5 36. b5 h3 37. Rg1 Rb8 38. Kg3 Rxb5 39. Kxh3 Rb2 40. Rg2 Kh6 41. Kh2 d4 42. exd4 Rb4 43. Ne4 Nxe4 44. fxe4 Rxd4 45. Kg3 Rxe4 46. Kf3 Ra4 47. Rg1 Kh7 48. Rg2 f5 49. Ke3 Re4+ 50. Kf3 Re1 51. Rg5 Rh1 52. Ke3 Rh4 53. Kf3 Rh3+ 54. Kf2 Rh6 55. Rg1 Rg6 56. Ra1 Kg7 57. Kf3 Rh6 58. Kg3 Kf6 59. Kg2 Rh8 60. Kg3 Rb8 61. Ra3 Kg6 62. Re3 Kh5 63. Kf3 Kh4 64. Rxe6 Rb3+ 65. Re3 Rxe3+ 66. Kxe3 Kg4 67. Ke2 Kxf4 68. Kf2 Kg4 69. Kg2 Kg5 70. Kg3 Kf6 71. Kf4 Ke6 72. Kf3 Ke5 73. Ke3 f4+ 74. Kf3 Kf5 75. Kf2 Kg4 76. Kg2 f3+ 77. Kf2 Kf4 78. Kf1 Ke3 79. Ke1 f2+ 80. Kf1 Kf3 1/2-1/2

[Event "Czech Open GM 2019"]
[Site "Pardubice"]
[Date "2019.07.27"]
[Round "9.50"]
[White "Domogaev, Sergey"]
[Black "Cholleti Sahajasri"]
[Result "1/2-1/2"]
[WhiteElo "2332"]
[BlackElo "2223"]
[Annotator "NA"]
[PlyCount "30"]
[EventDate "2019.07.19"]
[EventType "swiss"]
[EventCountry "CZE"]
[SourceTitle "playchess.com"]
[Source "ChessBase"]
[SourceQuality "1"]

1. Nf3 c5 2. c4 Nc6 3. Nc3 g6 4. e3 Nf6 5. d4 cxd4 6. exd4 d5 7. cxd5 Nxd5 8. Qb3 e6 9. Bb5 Bg7 10. O-O O-O 11. Bxc6 bxc6 12. Re1 Qb6 13. Na4 Qxb3 14. axb3 Nb4 15. Rd1 Nc2 1/2-1/2

[Event "Czech Open GM 2019"]
[Site "Pardubice"]
[Date "2019.07.27"]
[Round "9.51"]
[White "Kulon, Klaudia"]
[Black "Hesse, Henrik"]
[Result "1-0"]
[WhiteElo "2331"]
[BlackElo "2193"]
[Annotator "NA"]
[PlyCount "115"]
[EventDate "2019.07.19"]
[EventType "swiss"]
[EventCountry "CZE"]
[SourceTitle "playchess.com"]
[Source "ChessBase"]
[SourceQuality "1"]

1. e4 c5 2. Nc3 e6 3. g3 Nc6 4. Bg2 Nf6 5. Nge2 Be7 6. O-O O-O 7. h3 a6 8. d4 cxd4 9. Nxd4 Qc7 10. Nb3 d6 11. a4 b6 12. f4 Bb7 13. g4 Nd7 14. g5 Nc5 15. h4 Nxb3 16. cxb3 Nb4 17. Be3 d5 18. Rc1 Bc5 19. Bxc5 Qxc5+ 20. Kh2 Qe7 21. e5 Rfd8 22. Qd4 Qc5 23. Qd2 Qe7 24. Ne2 Rac8 25. Qd4 Nc2 26. Qxb6 Qc7 27. Qa7 Qe7 28. Nd4 Ne3 29. Rfe1 Nxg2 30. Kxg2 Qb4 31. Kf1 Qd2 32. Ne2 Rxc1 33. Rxc1 d4 34. Qb6 Bg2+ 35. Kf2 Qe3+ 36. Ke1 Rf8 37. Qxd4 Qxb3 38. a5 g6 39. Qc3 Qb5 40. Kf2 Qd5 41. h5 Be4 42. h6 Bf5 43. b4 Bg4 44. Nd4 Rd8 45. Nc6 Qe4 46. Nxd8 Qxf4+ 47. Kg2 Bf3+ 48. Qxf3 Qxg5+ 49. Kh3 Qxh6+ 50. Kg4 Qh5+ 51. Kf4 Qf5+ 52. Ke3 Qxe5+ 53. Qe4 Qg5+ 54. Qf4 Qxd8 55. Rc7 f5 56. Qe5 Qg5+ 57. Kd3 Qd8+ 58. Kc3 1-0

[Event "Czech Open GM 2019"]
[Site "Pardubice"]
[Date "2019.07.27"]
[Round "9.52"]
[White "Dev, Shah"]
[Black "Mueller, Ralf"]
[Result "0-1"]
[WhiteElo "2147"]
[BlackElo "2331"]
[Annotator "NA"]
[PlyCount "94"]
[EventDate "2019.07.19"]
[EventType "swiss"]
[EventCountry "CZE"]
[SourceTitle "playchess.com"]
[Source "ChessBase"]
[SourceQuality "1"]

1. d4 d5 2. c4 e6 3. Nc3 Nf6 4. cxd5 exd5 5. Bg5 Be7 6. e3 c6 7. Bd3 Nbd7 8. Qc2 h6 9. Bh4 Nh5 10. Bxe7 Qxe7 11. Nge2 Nb6 12. O-O O-O 13. Rae1 Bd7 14. Nc1 Nf6 15. Nb3 Rad8 16. f3 Be6 17. Nc5 Nc8 18. Nxe6 Qxe6 19. b4 b5 20. a4 a6 21. a5 Qe7 22. Na2 Rd6 23. Qc3 Re8 24. Nc1 g6 25. Re2 Re6 26. Rfe1 Nd6 27. Nb3 Qa7 28. Nc5 R6e7 29. e4 Nd7 30. e5 Nxc5 31. dxc5 Nc4 32. f4 Qd7 33. Qd4 Qg4 34. h3 Qg3 35. Rf1 Qh4 36. Ref2 Nxe5 37. Be2 Nc4 38. Bd3 Re3 39. Rf3 Rxf3 40. Rxf3 Qe1+ 41. Kh2 Re3 42. Rxe3 Nxe3 43. Qb2 h5 44. f5 h4 45. fxg6 fxg6 46. Qa2 Qg3+ 47. Kh1 Nd1 0-1